000 00301nam a22001337a 4500
008 171107b xxu||||| |||| 00| 0 eng d
020 _a0256032610
041 _aeng
080 _24TH
_a330.722.6
100 _a62
101 _aKON
245 _aMANAGERIAL ACCOUNTING
_cGARRISON,R,H
942 _2udc
_cBK
999 _c37990
_d37990